[Event "Buenos Aires Duchamp Memorial op 4th"]
[Site "Buenos Aires"]
[Date "2012.10.31"]
[Round "9"]
[White "Bronstein, Luis Marcos"]
[Black "Quenallata, Luciano"]
[Result "1/2-1/2"]
[WhiteElo "2369"]
[BlackElo "2154"]
[PlyCount "25"]
[EventDate "2012.10.22"]
[EventType "swiss"]
[EventRounds "9"]
[EventCountry "ARG"]
[SourceTitle "EXT 2013"]
[Source "ChessBase"]
[SourceDate "2012.11.22"]
[SourceVersion "1"]
[SourceVersionDate "2012.11.22"]
[SourceQuality "1"]

1. e4 d6 2. d4 g6 3. Nf3 Bg7 4. Nc3 Nf6 5. Be2 0-0 6. 0-0 Nfd7 7. Bg5 h6 8. Be3 c5 9. d5 Na6 10. Qd2 Kh7 11. Rfe1 Nc7 12. a4 b6 13. Bf1 1/2-1/2

[Event "Buenos Aires Duchamp Memorial op 4th"]
[Site "Buenos Aires"]
[Date "2012.10.28"]
[Round "6"]
[White "Abarca Gonzalez, Nicolas"]
[Black "Bronstein, Luis Marcos"]
[Result "1-0"]
[WhiteElo "2180"]
[BlackElo "2369"]
[PlyCount "127"]
[EventDate "2012.10.22"]
[EventType "swiss"]
[EventRounds "9"]
[EventCountry "ARG"]
[SourceTitle "EXT 2013"]
[Source "ChessBase"]
[SourceDate "2012.11.22"]
[SourceVersion "1"]
[SourceVersionDate "2012.11.22"]
[SourceQuality "1"]

1. e4 e5 2. Nf3 Nc6 3. d4 exd4 4. Bc4 Nf6 5. e5 d5 6. Bb5 Ne4 7. Nxd4 Bd7 8. Bxc6 bxc6 9. 0-0 Bc5 10. f3 Ng5 11. f4 Ne4 12. Be3 Qe7 13. Nd2 f5 14. c3 0-0 15. Nxe4 fxe4 16. Qe1 Bb6 17. Rd1 c5 18. Ne2 Bc6 19. Rd2 Rad8 20. Qg3 Rde8 21. Rfd1 Rd8 22. Qf2 Bb7 23. Nc1 c4 24. Ne2 Bxe3 25. Qxe3 c5 26. Ng3 g6 27. Nf1 Bc6 28. Ng3 Bb7 29. Ne2 Bc6 30. Nc1 g5 31. fxg5 Qxe5 32. Qxc5 Qxg5 33. Re2 Qf6 34. Rf2 Qxf2+ 35. Qxf2 Rxf2 36. Kxf2 Rb8 37. Rd2 Kf7 38. Ke3 Ke6 39. Ne2 Ke5 40. Nf4 Rb6 41. g3 Ra6 42. a3 Bb7 43. Ne2 Rh6 44. Nd4 Bc8 45. Rf2 Rb6 46. Rf8 Bh3 47. Re8+ Kf6 48. Rf8+ Ke5 49. Rf2 h5 50. Rd2 Bg4 51. Rf2 Bh3 52. a4 Bd7 53. a5 Rb8 54. Rf7 Kd6 55. Rf6+ Ke7 56. Ra6 Rxb2 57. Rxa7 Rxh2 58. Ne2 Kd6 59. a6 Bg4 60. Nd4 Ra2 61. Rh7 Kc5 62. Rc7+ Kd6 63. Rc6+ Ke5 64. Rb6 1-0

[Event "Buenos Aires Duchamp Memorial op 4th"]
[Site "Buenos Aires"]
[Date "2012.10.24"]
[Round "3"]
[White "Bronstein, Luis Marcos"]
[Black "Fiori, Hector Dionisio"]
[Result "1/2-1/2"]
[WhiteElo "2369"]
[BlackElo "2125"]
[PlyCount "54"]
[EventDate "2012.10.22"]
[EventType "swiss"]
[EventRounds "9"]
[EventCountry "ARG"]
[SourceTitle "EXT 2013"]
[Source "ChessBase"]
[SourceDate "2012.11.22"]
[SourceVersion "1"]
[SourceVersionDate "2012.11.22"]
[SourceQuality "1"]

1. c4 e5 2. Nc3 Nc6 3. g3 Bc5 4. Bg2 d6 5. a3 a5 6. Nf3 Nge7 7. 0-0 0-0 8. d3 Ba7 9. Bd2 h6 10. b4 axb4 11. axb4 Nxb4 12. Nb5 Na6 13. Nxa7 Rxa7 14. Qc2 Bd7 15. d4 Nc6 16. Bc3 Qf6 17. Qb2 Re8 18. dxe5 dxe5 19. Rfd1 Bg4 20. Nxe5 Nxe5 21. f4 Nxc4 22. Bxf6 Nxb2 23. Bxb2 c6 24. Bd4 Raa8 25. Rdb1 Re7 26. e4 Rc8 27. Kf2 Rd7 1/2-1/2

[Event "Buenos Aires Legislatura op 4th"]
[Site "Buenos Aires"]
[Date "2011.12.03"]
[Round "5"]
[White "Iermito, Sebastian"]
[Black "Bronstein, Luis Marcos"]
[Result "1/2-1/2"]
[WhiteElo "2464"]
[BlackElo "2356"]
[PlyCount "57"]
[EventDate "2011.11.29"]
[EventType "swiss"]
[EventRounds "9"]
[EventCountry "ARG"]
[SourceTitle "EXT 2014"]
[Source "ChessBase"]
[SourceDate "2013.11.20"]
[SourceVersion "1"]
[SourceVersionDate "2013.11.20"]
[SourceQuality "1"]

1. e4 e5 2. Nf3 Nc6 3. Bb5 a6 4. Ba4 Nf6 5. d3 d6 6. c3 g6 7. 0-0 Bg7 8. Bg5 h6 9. Bh4 0-0 10. Re1 Bd7 11. Nbd2 Qe8 12. Nf1 Nd4 13. Bxd7 Nxf3+ 14. Qxf3 Nxd7 15. Ne3 c6 16. Qh3 b5 17. Bg3 Nc5 18. Rad1 h5 19. f4 Ne6 20. fxe5 dxe5 21. Bh4 Nc5 22. Rf1 Qe6 23. Qxe6 Nxe6 24. Nc2 a5 25. d4 exd4 26. cxd4 c5 27. d5 Nd4 28. Nxd4 Bxd4+ 29. Bf2 1/2-1/2

[Event "Buenos Aires Legislatura op 4th"]
[Site "Buenos Aires"]
[Date "2011.12.01"]
[Round "3"]
[White "Lemos, Damian"]
[Black "Bronstein, Luis Marcos"]
[Result "1/2-1/2"]
[WhiteElo "2542"]
[BlackElo "2356"]
[PlyCount "76"]
[EventDate "2011.11.29"]
[EventType "swiss"]
[EventRounds "9"]
[EventCountry "ARG"]
[SourceTitle "EXT 2014"]
[Source "ChessBase"]
[SourceDate "2013.11.20"]
[SourceVersion "1"]
[SourceVersionDate "2013.11.20"]
[SourceQuality "1"]

1. d4 Nf6 2. c4 e6 3. Nc3 Bb4 4. Qc2 Nc6 5. Nf3 d5 6. e3 0-0 7. Bd2 Qe7 8. a3 Bxc3 9. Bxc3 a5 10. Bd3 Bd7 11. 0-0 Rfc8 12. Rfe1 a4 13. e4 dxc4 14. Bxc4 Na5 15. Ba2 Bb5 16. Rad1 Nd7 17. Bb1 Nb3 18. Re3 Na1 19. Qd2 Nb3 20. Qe1 c5 21. dxc5 Ndxc5 22. Bc2 Rd8 23. Nd4 Nxd4 24. Bxd4 e5 25. Bc3 Rxd1 26. Qxd1 Rd8 27. Qh5 Bd3 28. Bxd3 Nxd3 29. g3 f6 30. Re2 Nc1 31. Rd2 Rxd2 32. Bxd2 Nb3 33. Be3 Qd7 34. Qe2 g6 35. Qf3 Kg7 36. Qe2 b5 37. Qc2 h5 38. h3 Kf7 1/2-1/2

[Event "Buenos Aires Legislatura op 4th"]
[Site "Buenos Aires"]
[Date "2011.11.29"]
[Round "1"]
[White "Calens, Diego"]
[Black "Bronstein, Luis Marcos"]
[Result "0-1"]
[WhiteElo "2073"]
[BlackElo "2356"]
[PlyCount "78"]
[EventDate "2011.11.29"]
[EventType "swiss"]
[EventRounds "9"]
[EventCountry "ARG"]
[SourceTitle "EXT 2014"]
[Source "ChessBase"]
[SourceDate "2013.11.20"]
[SourceVersion "1"]
[SourceVersionDate "2013.11.20"]
[SourceQuality "1"]

1. Nf3 Nf6 2. c4 b6 3. g3 Bb7 4. Bg2 c5 5. 0-0 g6 6. Nc3 Bg7 7. d4 cxd4 8. Qxd4 Nc6 9. Qf4 0-0 10. Rd1 Na5 11. Rb1 Rc8 12. b3 Rc5 13. Bb2 Rf5 14. Qd2 Qa8 15. h3 h5 16. Nh4 Bxg2 17. Nxg2 d6 18. Ne3 Bh6 19. Qd3 Bxe3 20. Qxe3 Nc6 21. Nd5 Kh7 22. Nxf6+ exf6 23. Rxd6 Re8 24. Qd2 Ne5 25. f4 Qe4 26. Rf1 Nc6 27. Bxf6 Rxf6 28. Rxf6 Nd4 29. e3 Nf3+ 30. Rxf3 Qxf3 31. Qf2 Qd1+ 32. Qf1 Qd2 33. Qf2 Qc1+ 34. Kg2 Rd8 35. Qg1 Rd2+ 36. Kh1 Rd1 37. Qxd1 Qxd1+ 38. Kg2 Kg7 39. Rc6 Qe2+ 0-1

[Event "Buenos Aires Duchamp op 1st"]
[Site "Buenos Aires"]
[Date "2011.09.22"]
[Round "9"]
[White "Barrionuevo, Pablo"]
[Black "Bronstein, Luis Marcos"]
[Result "1/2-1/2"]
[WhiteElo "2312"]
[BlackElo "2349"]
[PlyCount "40"]
[EventDate "2011.09.12"]
[EventType "swiss"]
[EventRounds "9"]
[EventCountry "ARG"]
[SourceTitle "EXT 2014"]
[Source "ChessBase"]
[SourceDate "2013.11.20"]
[SourceVersion "1"]
[SourceVersionDate "2013.11.20"]
[SourceQuality "1"]

1. d4 d5 2. c4 e6 3. Nf3 Nf6 4. g3 Be7 5. Bg2 0-0 6. 0-0 dxc4 7. Qa4 a6 8. Qxc4 b5 9. Qc2 Bb7 10. Bd2 Be4 11. Qc1 Nbd7 12. Ba5 Rc8 13. Nbd2 Ba8 14. Qc2 Qe8 15. b4 Bd6 16. e4 e5 17. Rfe1 Qe7 18. a3 Rfe8 19. Rac1 Qf8 20. dxe5 Nxe5 1/2-1/2

[Event "Buenos Aires Duchamp op 1st"]
[Site "Buenos Aires"]
[Date "2011.09.20"]
[Round "7"]
[White "Bronstein, Luis Marcos"]
[Black "Real de Azua, Ernesto"]
[Result "0-1"]
[WhiteElo "2349"]
[BlackElo "2452"]
[PlyCount "86"]
[EventDate "2011.09.12"]
[EventType "swiss"]
[EventRounds "9"]
[EventCountry "ARG"]
[SourceTitle "EXT 2014"]
[Source "ChessBase"]
[SourceDate "2013.11.20"]
[SourceVersion "1"]
[SourceVersionDate "2013.11.20"]
[SourceQuality "1"]

1. e4 c5 2. Nf3 Nc6 3. Nc3 d6 4. d4 cxd4 5. Nxd4 Nf6 6. Bc4 Qb6 7. Nb3 e6 8. 0-0 Be7 9. a4 0-0 10. Bf4 Ne5 11. Be2 Bd7 12. Be3 Qc7 13. f4 Nc4 14. Bxc4 Qxc4 15. e5 Ne4 16. Nd2 Nxd2 17. Qxd2 Rfd8 18. exd6 Be8 19. Qf2 Bxd6 20. Rad1 b6 21. Rd4 Qc6 22. Rfd1 Be7 23. f5 Rxd4 24. Bxd4 exf5 25. Qxf5 Rd8 26. Qg4 Bf8 27. Be3 Rxd1+ 28. Qxd1 Qe6 29. Bd4 Bc6 30. b3 Bb4 31. Qd2 h6 32. Qf2 Qg4 33. h3 Qg6 34. Nd1 Be1 35. Qe2 Bh4 36. Ne3 f5 37. g4 Qe8 38. Qc4+ Kh7 39. Nxf5 Bg5 40. Qd3 Qe1+ 41. Qf1 Qe4 42. c3 Qh1+ 43. Kf2 Qh2+ 0-1

[Event "Buenos Aires Duchamp op 1st"]
[Site "Buenos Aires"]
[Date "2011.09.18"]
[Round "6"]
[White "Bronstein, Luis Marcos"]
[Black "Pierrot, Juan Facundo"]
[Result "1/2-1/2"]
[WhiteElo "2349"]
[BlackElo "2454"]
[PlyCount "43"]
[EventDate "2011.09.12"]
[EventType "swiss"]
[EventRounds "9"]
[EventCountry "ARG"]
[SourceTitle "CBM 144 Extra"]
[Source "ChessBase"]
[SourceDate "2011.10.28"]
[SourceVersion "1"]
[SourceVersionDate "2011.10.28"]
[SourceQuality "1"]

1. Nf3 Nf6 2. c4 c5 3. Nc3 Nc6 4. d4 cxd4 5. Nxd4 e6 6. a3 Be7 7. e4 0-0 8. Nf3 Qc7 9. Be2 b6 10. Bg5 d6 11. Rc1 Ne5 12. Nd2 Bb7 13. 0-0 Rac8 14. Be3 Qb8 15. f4 Ned7 16. Bf3 Qa8 17. Qe2 Rfe8 18. Bf2 a6 19. Bg3 Bc6 20. Bh4 Qb8 21. Bg3 Qb7 22. Bh4 1/2-1/2

[Event "Buenos Aires Bolivar op 4th"]
[Site "Buenos Aires"]
[Date "2011.06.22"]
[Round "8"]
[White "Bronstein, Luis Marcos"]
[Black "Rodriguez Vila, Andres"]
[Result "0-1"]
[WhiteElo "2344"]
[BlackElo "2527"]
[PlyCount "69"]
[EventDate "2011.06.13"]
[EventType "swiss"]
[EventRounds "9"]
[EventCountry "ARG"]
[SourceTitle "EXT 2014"]
[Source "ChessBase"]
[SourceDate "2013.11.20"]
[SourceVersion "1"]
[SourceVersionDate "2013.11.20"]
[SourceQuality "1"]

1. Nf3 d6 2. e4 c5 3. d4 cxd4 4. Nxd4 Nf6 5. Nc3 g6 6. Be2 Bg7 7. 0-0 Nc6 8. Nb3 0-0 9. Kh1 a5 10. a4 Be6 11. f4 Bxb3 12. cxb3 e6 13. Bf3 Qe7 14. Be3 Rfd8 15. Bb6 Rd7 16. Re1 Qf8 17. Qe2 e5 18. fxe5 dxe5 19. Nd5 Nxd5 20. exd5 Nd4 21. Bxd4 exd4 22. Qb5 Qd6 23. Rad1 h5 24. g3 Bf6 25. Kg2 Kg7 26. Qd3 Rh8 27. Qb5 Ra8 28. Qd3 Rc7 29. Rc1 Rxc1 30. Rxc1 Re8 31. Qb5 Re3 32. Qxb7 h4 33. Rc7 h3+ 34. Kxh3 Rxf3 35. Rxf7+ 0-1

[Event "Buenos Aires Bolivar op 4th"]
[Site "Buenos Aires"]
[Date "2011.06.15"]
[Round "3"]
[White "Garcia Campitelli, Gonzalo"]
[Black "Bronstein, Luis Marcos"]
[Result "0-1"]
[WhiteElo "2074"]
[BlackElo "2344"]
[PlyCount "68"]
[EventDate "2011.06.13"]
[EventType "swiss"]
[EventRounds "9"]
[EventCountry "ARG"]
[SourceTitle "EXT 2014"]
[Source "ChessBase"]
[SourceDate "2013.11.20"]
[SourceVersion "1"]
[SourceVersionDate "2013.11.20"]
[SourceQuality "1"]

1. c4 Nf6 2. g3 c6 3. d4 g6 4. Bg2 d5 5. Nf3 Bg7 6. b3 dxc4 7. bxc4 c5 8. e3 0-0 9. 0-0 Nc6 10. Bb2 Ne8 11. h3 Qb6 12. Bc3 Nd6 13. Na3 Ne4 14. Be1 cxd4 15. Nxd4 Nxd4 16. Bxe4 Nc6 17. Rb1 Qc5 18. Bxc6 Qxc6 19. Kh2 Bf5 20. Rb3 Rfd8 21. Qc1 Bd3 22. Rg1 Qf3 23. Nb1 Rac8 24. Nd2 Qc6 25. Qa3 Be2 26. Rb5 a6 27. Rd5 e6 28. Rxd8+ Rxd8 29. Qb4 h5 30. h4 Rd3 31. Nb3 b6 32. Nd4 Bxd4 33. exd4 Rxd4 34. Bc3 Rxc4 0-1

[Event "Buenos Aires Bolivar op 4th"]
[Site "Buenos Aires"]
[Date "2011.06.13"]
[Round "1"]
[White "Bronstein, Luis Marcos"]
[Black "Epelboim, Matias"]
[Result "1-0"]
[WhiteElo "2344"]
[BlackElo "1969"]
[PlyCount "63"]
[EventDate "2011.06.13"]
[EventType "swiss"]
[EventRounds "9"]
[EventCountry "ARG"]
[SourceTitle "EXT 2014"]
[Source "ChessBase"]
[SourceDate "2013.11.20"]
[SourceVersion "1"]
[SourceVersionDate "2013.11.20"]
[SourceQuality "1"]

1. e4 g6 2. d4 Bg7 3. Nf3 d6 4. Nc3 a6 5. a4 b6 6. Bc4 e6 7. Bg5 Ne7 8. Qd2 h6 9. Be3 Nd7 10. 0-0 Bb7 11. Rfe1 Nf6 12. d5 e5 13. h3 Nd7 14. Nh2 f5 15. exf5 gxf5 16. f4 Ng6 17. Nf3 Qf6 18. Nd4 exd4 19. Bxd4+ Nde5 20. fxe5 dxe5 21. Bxe5 Nxe5 22. Rxe5+ Qxe5 23. Re1 0-0-0 24. Rxe5 Bxe5 25. Qd3 Kb8 26. Ne2 Rhf8 27. Qe3 Bxb2 28. Qxh6 Rf6 29. Qg7 Rdd6 30. Nf4 Be5 31. Nh5 Rh6 32. Qxe5 1-0

[Event "Villa Martelli Pro Am op 17th"]
[Site "Villa Martelli"]
[Date "2010.10.19"]
[Round "6"]
[White "Alonso, Salvador"]
[Black "Bronstein, Luis Marcos"]
[Result "1/2-1/2"]
[WhiteElo "2482"]
[BlackElo "2347"]
[PlyCount "63"]
[EventDate "2010.10.10"]
[EventType "swiss"]
[EventRounds "9"]
[EventCountry "ARG"]
[SourceTitle "CBM 138 Extra"]
[Source "ChessBase"]
[SourceDate "2010.10.29"]
[SourceVersion "1"]
[SourceVersionDate "2010.10.29"]
[SourceQuality "1"]

1. e4 e6 2. d4 d5 3. Nd2 Nf6 4. e5 Nfd7 5. Bd3 c5 6. c3 Nc6 7. Ngf3 a5 8. a4 Qb6 9. 0-0 cxd4 10. Nxd4 Nxd4 11. cxd4 Qxd4 12. Nf3 Qb6 13. Bb5 Be7 14. Bf4 0-0 15. Rc1 Qd8 16. Nd4 Nc5 17. Rc3 f6 18. exf6 Rxf6 19. Be5 Rh6 20. Qc2 Bd6 21. Bxd6 Qxd6 22. g3 b6 23. Nb3 Nxb3 24. Rxc8+ Rxc8 25. Qxc8+ Qf8 26. Qc3 Nc5 27. Qe5 Rf6 28. Qc7 Ne4 29. Qxb6 Qb4 30. Qb8+ Rf8 31. Qe5 Qd6 32. Qd4 1/2-1/2

[Event "Villa Martelli Pro Am op 17th"]
[Site "Villa Martelli"]
[Date "2010.10.13"]
[Round "2"]
[White "Koch, Juan Enrique"]
[Black "Bronstein, Luis Marcos"]
[Result "1/2-1/2"]
[WhiteElo "2095"]
[BlackElo "2347"]
[PlyCount "70"]
[EventDate "2010.10.10"]
[EventType "swiss"]
[EventRounds "9"]
[EventCountry "ARG"]
[SourceTitle "CBM 138 Extra"]
[Source "ChessBase"]
[SourceDate "2010.10.29"]
[SourceVersion "1"]
[SourceVersionDate "2010.10.29"]
[SourceQuality "1"]

1. c4 Nf6 2. g3 e5 3. Bg2 c6 4. d4 Bb4+ 5. Bd2 Bxd2+ 6. Qxd2 d6 7. e3 Be6 8. b3 exd4 9. Qxd4 d5 10. Nd2 dxc4 11. bxc4 Qxd4 12. exd4 Nbd7 13. Ngf3 Nb6 14. Rc1 Rd8 15. 0-0 0-0 16. Rfe1 Rfe8 17. h3 h6 18. Re3 Nc8 19. Ra3 a6 20. Rb1 Re7 21. Re3 Nd6 22. g4 Kf8 23. Rbe1 Nc8 24. Bf1 b5 25. d5 cxd5 26. cxb5 d4 27. Ra3 axb5 28. Bxb5 Nd6 29. Bf1 Nb7 30. Rd3 Red7 31. Ne5 Rd6 32. a4 Nc5 33. Ra3 d3 34. a5 Nfd7 35. f4 Nxe5 1/2-1/2

[Event "Buenos Aires Bolivar op 3rd"]
[Site "Buenos Aires"]
[Date "2010.07.01"]
[Round "7"]
[White "Pineiro, Dario"]
[Black "Bronstein, Luis Marcos"]
[Result "1-0"]
[WhiteElo "1937"]
[BlackElo "2390"]
[PlyCount "121"]
[EventDate "2010.06.24"]
[EventType "swiss"]
[EventRounds "7"]
[EventCountry "ARG"]
[SourceTitle "EXT 2011"]
[Source "ChessBase"]
[SourceDate "2010.11.26"]
[SourceVersion "1"]
[SourceVersionDate "2010.11.26"]
[SourceQuality "1"]

1. e4 e5 2. Nf3 Nc6 3. Bb5 a6 4. Ba4 Nf6 5. Qe2 b5 6. Bb3 Bc5 7. c3 0-0 8. 0-0 d5 9. d3 d4 10. Rd1 a5 11. a3 Bg4 12. h3 Be6 13. Nbd2 Qd6 14. a4 bxa4 15. Bxe6 Qxe6 16. Rxa4 Nh5 17. Nxd4 Nf4 18. Qf3 Nxd4 19. cxd4 Qd7 20. b3 Bxd4 21. Nc4 Ne6 22. Rxa5 Rxa5 23. Nxa5 Qb5 24. Bd2 Ra8 25. b4 c5 26. Nc4 cxb4 27. Nd6 Qd7 28. Bxb4 Ra2 29. Rf1 Rb2 30. Ba3 Rb3 31. Nc4 Rxd3 32. Qg4 Qa4 33. Rc1 Rxa3 34. Nxa3 Qxa3 35. Rc8+ Nf8 36. Rc2 g6 37. Kh2 Kg7 38. Qe2 Ne6 39. Ra2 Qb3 40. g3 h5 41. h4 Nc5 42. Rd2 Bxf2 43. Qxf2 Nxe4 44. Rb2 Qc3 45. Qg2 Nxg3 46. Rf2 Nf5 47. Rxf5 f6 48. Rxh5 Qb4 49. Rf5 Qxh4+ 50. Kg1 Qe1+ 51. Rf1 Qe3+ 52. Kh2 Qh6+ 53. Qh3 Qd2+ 54. Kh1 f5 55. Qh4 Qd5+ 56. Kg1 f4 57. Kh2 Qd2+ 58. Rf2 Qe3 59. Rg2 Qe4 60. Qe7+ Kg8 61. Rd2 1-0

[Event "Buenos Aires Najdorf Centenary op"]
[Site "Buenos Aires"]
[Date "2010.04.05"]
[Round "8"]
[White "Quiroga, Facundo"]
[Black "Bronstein, Luis Marcos"]
[Result "1/2-1/2"]
[WhiteElo "2334"]
[BlackElo "2363"]
[PlyCount "86"]
[EventDate "2010.04.04"]
[EventType "swiss"]
[EventRounds "9"]
[EventCountry "ARG"]
[SourceTitle "CBM 136 Extra"]
[Source "ChessBase"]
[SourceDate "2010.07.02"]
[SourceVersion "2"]
[SourceVersionDate "2010.07.15"]
[SourceQuality "1"]

1. d4 Nf6 2. c4 e6 3. Nc3 Bb4 4. e3 Nc6 5. Qc2 d6 6. Bd2 a5 7. a3 Bxc3 8. Bxc3 e5 9. dxe5 dxe5 10. Nf3 Qe7 11. b3 0-0 12. Be2 Bg4 13. h3 Bh5 14. 0-0 Rfe8 15. Rfd1 e4 16. Nd4 Nxd4 17. Bxd4 Bxe2 18. Qxe2 Red8 19. Qb2 Ne8 20. b4 axb4 21. axb4 Qe6 22. c5 f6 23. b5 Kf7 24. Qc2 g6 25. Ra4 Ng7 26. Rda1 Rxa4 27. Rxa4 Qd5 28. Ra7 Ne6 29. Qc3 Nxd4 30. Qxd4 Ke7 31. c6 Qxd4 32. exd4 bxc6 33. Rxc7+ Rd7 34. Rxc6 Rxd4 35. g4 Rb4 36. b6 f5 37. gxf5 gxf5 38. Rc7+ Kf6 39. Rxh7 Kg6 40. Rb7 Kg5 41. Rb8 Kf4 42. h4 Kf3 43. b7 e3 1/2-1/2

[Event "Buenos Aires Benko Memorial op"]
[Site "Buenos Aires"]
[Date "2010.02.17"]
[Round "4"]
[White "Liascovich, Lucas Agustin"]
[Black "Bronstein, Luis Marcos"]
[Result "1-0"]
[WhiteElo "2440"]
[BlackElo "2390"]
[PlyCount "105"]
[EventDate "2010.02.08"]
[EventType "swiss"]
[EventRounds "9"]
[EventCountry "ARG"]
[SourceTitle "CBM 135 Extra"]
[Source "ChessBase"]
[SourceDate "2010.05.04"]
[SourceVersion "1"]
[SourceVersionDate "2010.05.04"]
[SourceQuality "1"]

1. d4 Nf6 2. c4 e6 3. Nf3 d5 4. Nc3 Bb4 5. Bg5 Nbd7 6. e3 c5 7. cxd5 exd5 8. Qc2 Qa5 9. Bd3 c4 10. Bf5 0-0 11. 0-0 Re8 12. Nd2 g6 13. Bxd7 Nxd7 14. h4 Nb6 15. f3 Na4 16. Nxd5 Bxd2 17. Nf6+ Kf8 18. Nxe8 Kxe8 19. Qe4+ Be6 20. Qxb7 Bxe3+ 21. Bxe3 Bd5 22. Bd2 Bxb7 23. Bxa5 Nb6 24. Rfe1+ Kd7 25. Bxb6 axb6 26. a3 Ra5 27. Re5 Bd5 28. Rae1 Kd6 29. Kf2 c3 30. bxc3 Rxa3 31. R1e3 Ra2+ 32. Re2 Ra3 33. R5e3 Bc4 34. Rd2 b5 35. g4 h6 36. Rb2 Ra1 37. Re1 Ra3 38. Rc1 Kd5 39. Kg3 g5 40. h5 Bd3 41. f4 f6 42. Kf3 Bc4 43. Ke3 Ra7 44. fxg5 fxg5 45. Rf2 Re7+ 46. Kd2 Re4 47. Rg1 b4 48. Rf5+ Ke6 49. cxb4 Rxd4+ 50. Kc3 Re4 51. Rc5 Bd5 52. Rd1 Bb7 53. Rd4 1-0

[Event "Buenos Aires Bolivar op 2nd"]
[Site "Buenos Aires"]
[Date "2009.08.25"]
[Round "2"]
[White "Bronstein, Luis Marcos"]
[Black "Guelman, Jorge Miguel"]
[Result "1-0"]
[WhiteElo "2390"]
[BlackElo "1895"]
[PlyCount "31"]
[EventDate "2009.08.24"]
[EventType "swiss"]
[EventRounds "9"]
[EventCountry "ARG"]
[SourceTitle "CBM 132 Extra"]
[Source "ChessBase"]
[SourceDate "2009.11.03"]
[SourceVersion "1"]
[SourceVersionDate "2009.11.03"]
[SourceQuality "1"]

1. e4 c5 2. Nc3 e5 3. Bc4 Nf6 4. Nf3 Nc6 5. d3 h6 6. Nd5 d6 7. a3 a6 8. c3 b5 9. Nxf6+ Qxf6 10. Bd5 Bb7 11. a4 Be7 12. axb5 axb5 13. Rxa8+ Bxa8 14. Qb3 0-0 15. Qxb5 Rb8 16. Qa4 1-0

[Event "Buenos Aires La Punta op"]
[Site "Buenos Aires"]
[Date "2009.05.31"]
[Round "9"]
[White "Bronstein, Luis Marcos"]
[Black "Garcia, Raimundo"]
[Result "1/2-1/2"]
[WhiteElo "2390"]
[BlackElo "2348"]
[PlyCount "24"]
[EventDate "2009.05.25"]
[EventType "swiss"]
[EventRounds "9"]
[EventCountry "ARG"]
[SourceTitle "CBM 130 Extra"]
[Source "ChessBase"]
[SourceDate "2009.07.02"]
[SourceVersion "2"]
[SourceVersionDate "2009.07.15"]
[SourceQuality "1"]

1. d4 Nf6 2. Nf3 g6 3. g3 Bg7 4. Bg2 0-0 5. 0-0 d5 6. c4 c6 7. cxd5 cxd5 8. Ne5 e6 9. Nc3 Nfd7 10. Nxd7 Bxd7 11. b3 Nc6 12. e3 Qa5 1/2-1/2

[Event "Buenos Aires La Punta op"]
[Site "Buenos Aires"]
[Date "2009.05.26"]
[Round "3"]
[White "Fernandez, Maria Florencia"]
[Black "Bronstein, Luis Marcos"]
[Result "1/2-1/2"]
[WhiteElo "2116"]
[BlackElo "2390"]
[PlyCount "52"]
[EventDate "2009.05.25"]
[EventType "swiss"]
[EventRounds "9"]
[EventCountry "ARG"]
[SourceTitle "CBM 130 Extra"]
[Source "ChessBase"]
[SourceDate "2009.07.02"]
[SourceVersion "2"]
[SourceVersionDate "2009.07.15"]
[SourceQuality "1"]

1. d4 Nf6 2. c4 e6 3. Nc3 Bb4 4. Qc2 Nc6 5. Nf3 d6 6. a3 Bxc3+ 7. Qxc3 a5 8. b3 Qe7 9. g3 0-0 10. Bg2 e5 11. d5 Nb8 12. Qc2 Na6 13. e4 Nc5 14. Nd2 c6 15. Bb2 cxd5 16. cxd5 Bd7 17. b4 Na4 18. 0-0 Rfc8 19. Qb3 Qd8 20. Rfc1 b5 21. Rxc8 Rxc8 22. Rc1 Rxc1+ 23. Bxc1 Qb6 24. bxa5 Qxa5 25. Qc2 Qb6 26. Nb3 b4 1/2-1/2

[Event "Villa Ballester Verano op 59th"]
[Site "Villa Ballester"]
[Date "2009.01.24"]
[Round "4"]
[White "Bronstein, Luis Marcos"]
[Black "Conde, Adrian"]
[Result "1-0"]
[WhiteElo "2390"]
[BlackElo "2067"]
[PlyCount "104"]
[EventDate "2009.01.06"]
[EventType "swiss"]
[EventRounds "9"]
[EventCountry "ARG"]
[SourceTitle "CBM 128 Extra"]
[Source "ChessBase"]
[SourceDate "2009.03.05"]
[SourceVersion "2"]
[SourceVersionDate "2009.03.25"]
[SourceQuality "1"]

1. e4 e5 2. Nf3 Nc6 3. Bb5 f5 4. Nc3 Nd4 5. Be2 Nf6 6. Nxd4 exd4 7. e5 dxc3 8. exf6 Qxf6 9. dxc3 Bc5 10. Bf4 d6 11. Qd2 Be6 12. 0-0 0-0 13. Bf3 Rab8 14. a4 a5 15. Rfe1 Kh8 16. Be3 f4 17. Bd4 Bxd4 18. Qxd4 Qxd4 19. cxd4 Rfe8 20. h4 Kg8 21. Re4 Bd7 22. Rxf4 Bc6 23. d5 Bd7 24. Rc4 c5 25. dxc6 bxc6 26. b3 d5 27. Rc5 Ra8 28. Rd1 Ra7 29. c4 dxc4 30. bxc4 Rb8 31. Bxc6 Bxc6 32. Rxc6 Rb2 33. Rc8+ Kf7 34. c5 Re7 35. c6 Rc2 36. Rd7 Ke6 37. Rxe7+ Kxe7 38. Ra8 Rxc6 39. Rxa5 Rc2 40. g3 Ra2 41. Kg2 Kf7 42. Ra6 g6 43. g4 Kg7 44. Kg3 Ra3+ 45. Kf4 Ra2 46. f3 Rh2 47. Ra7+ Kg8 48. a5 Rf2 49. a6 Ra2 50. Kg5 Ra3 51. Kh6 Rxf3 52. Rg7+ Kh8 1-0

[Event "Villa Ballester de Invierno op 8th"]
[Site "Villa Ballester"]
[Date "2008.08.22"]
[Round "5"]
[White "Conde, Adrian"]
[Black "Bronstein, Luis Marcos"]
[Result "0-1"]
[WhiteElo "2039"]
[BlackElo "2383"]
[PlyCount "98"]
[EventDate "2008.08.16"]
[EventType "swiss"]
[EventRounds "7"]
[EventCountry "ARG"]
[SourceTitle "CBM 126 Extra"]
[Source "ChessBase"]
[SourceDate "2008.11.05"]
[SourceVersion "1"]
[SourceVersionDate "2008.11.05"]
[SourceQuality "1"]

1. e4 e5 2. Nf3 Nc6 3. Bb5 a6 4. Ba4 Nf6 5. 0-0 Be7 6. Re1 b5 7. Bb3 d6 8. c3 0-0 9. h3 Na5 10. Bc2 c5 11. d4 Qc7 12. a4 Bd7 13. d5 c4 14. Nbd2 Nb7 15. Nf1 Nc5 16. g4 h5 17. g5 Nh7 18. Kh2 bxa4 19. Ng3 g6 20. Rg1 Qc8 21. Nh4 Nd3 22. Bxd3 cxd3 23. Qxd3 Qc5 24. Be3 Qb5 25. c4 Qb3 26. Qe2 Rab8 27. Nxh5 Qxb2 28. Qf3 Qb7 29. Nf5 Bxf5 30. exf5 Qd7 31. f6 Bd8 32. Ng3 Rb3 33. Ne4 Bb6 34. Qg3 Bxe3 35. fxe3 Rb2+ 36. Rg2 Rfb8 37. Ra2 Rxg2+ 38. Qxg2 Rb4 39. c5 dxc5 40. Nxc5 Qb5 41. Rc2 a3 42. d6 Nf8 43. Qa8 Rb2 44. Rxb2 axb2 45. d7 Qe2+ 46. Kg3 Qxe3+ 47. Kg2 Qxc5 48. d8Q b1Q 49. Qxa6 Qbg1+ 0-1